|
|
|
|
| LEADER |
00000nab a2200000 a 4500 |
| 001 |
vtls010511999 |
| 003 |
SK-MaSNL |
| 005 |
20260303233836.0 |
| 008 |
140417c2013 xo mr|p|||| |000 b|slo |
| 015 |
|
|
|a SNBRB2013/05
|
| 038 |
|
|
|a SPK
|
| 040 |
|
|
|a SPKCL
|b slo
|c AACR2
|e AACR2
|
| 041 |
0 |
|
|a slo
|
| 044 |
|
|
|a xo
|c SK
|
| 072 |
|
7 |
|a 17
|x Etika. Morálna filozofia
|2 konspekt
|
| 072 |
|
7 |
|a 316.3
|x Globálne spoločnosti. Sociálna štruktúra. Sociálne skupiny
|2 konspekt
|
| 072 |
|
7 |
|a 316.4
|x Sociálne procesy
|2 konspekt
|
| 080 |
|
|
|a 177.6
|2 2001
|
| 080 |
|
|
|a 316.356.2-055.52
|2 2001
|
| 080 |
|
|
|a 316.346.32-053.2
|2 2001
|
| 080 |
|
|
|a 316.472.4
|2 2001
|
| 245 |
0 |
0 |
|a Láska, ako najušľachtilejší cit
|c [autor] /lupa. Zatl./
|
| 300 |
|
|
|b Fotogr.
|
| 650 |
0 |
7 |
|a láska
|2 snkbucl
|9 4351
|
| 650 |
0 |
7 |
|a matky
|2 snkbucl
|9 4906
|
| 650 |
0 |
7 |
|a otcovia
|2 snkbucl
|9 1695
|
| 650 |
0 |
7 |
|a deti
|2 snkbucl
|9 773
|
| 650 |
0 |
7 |
|a interpersonálne vzťahy
|2 snkbucl
|9 3770
|
| 773 |
0 |
|
|t Rodina a škola
|g Roč. 61, č. 5 (2013), s. 12
|x 0231-6463
|
| 852 |
|
|
|a SPK
|b KIS3GCP
|
| 999 |
|
|
|c 2517397
|d 2519327
|